Clic Qui gouverne en Europe le 1er janvier 1850 ? - Statistiques

Statistiques générales
  • Ce quiz a été pris 13 fois
  • Le résultat moyen est 14 sur 24
Statistiques - réponses
Hint Réponse % Correct
République française Louis-Napoléon Bonaparte
90%
Royaume de Prusse Frédéric-Guillaume IV
80%
Etats pontificaux Pie IX
80%
Royaume-Uni Victoria
80%
Empire Ottoman Abdülmecid Ier
70%
Empire d'Autriche François-Joseph Ier
70%
Royaume d'Espagne Isabelle II
70%
Empire russe Nicolas Ier
70%
Royaume de Danemark Frédéric VII
60%
République de Saint-Marin Giambattista Braschi & Marino Lonfernini
60%
Royaume des Pays-Bas & Grand-duché de Luxembourg Guillaume III
60%
Principauté d'Andorre (2e co-prince) Simó Rojas de Guardiola i Hortoneda
60%
Duché de Modène François V d'Este
50%
Royaume du Portugal Marie II
50%
Royaumes de Suède & de Norvège Oscar 1er
50%
Royaume de Grèce Othon
50%
Royaume de Piémont-Sardaigne Victor-Emmanuel II
50%
Principauté du Liechtenstein Alois II
40%
Confédération suisse Daniel-Henri Druey
40%
Duché de Parme Ferdinand-Charles III
40%
Royaume des Deux Siciles Ferdinand II
40%
Royaume de Belgique Léopold 1er
40%
Principauté de Monaco Florestan
30%
Grand-duché de Toscane Léopold II
30%
Aucun quiz correspondant
Distribution des résultats
% des personnes avec chaque résultat
Percentile par nombre de réponses
Votre historique - résultats
Vous n’avez pas pris ce quiz